000 00463nam a2200181Ia 4500
001 52124
008 140503s9999 xx 000 0 und d
020 _a9780415547123
040 _cPK-LaUMT
082 _aR 320.014
_bDAV-P
100 _aDavis, Aeron
245 _aPolitical communication and social theory
_cDavis, Aeron
260 _aLondon,UK:
_bRoutledge,
_c2010
300 _a196 p.
546 _aEN
650 _aCommunication in politics
942 _cBK
999 _c49590
_d49590